Golfers With Multiple Majors Since 2000 - Statistics

General Stats
  • This quiz has been taken 500 times
  • The average score is 14 of 20
Answer Stats
# Golfer % Correct
13 Tiger Woods
100%
6 Phil Mickelson
93%
5 Rory McIlroy
93%
3 Jordan Spieth
87%
5 Brooks Koepka
86%
4 Scottie Scheffler
86%
2 Justin Thomas
80%
2 Dustin Johnson
78%
2 Zach Johnson
75%
2 Bryson DeChambeau
74%
2 Xander Schauffele
71%
2 Jon Rahm
70%
2 Vijay Singh
66%
2 Bubba Watson
59%
2 Collin Morikawa
58%
2 Ernie Els
50%
3 Pádraig Harrington
41%
2 Ángel Cabrera
34%
2 Martin Kaymer
33%
2 Retief Goosen
25%
No matching quizzes found
Score Distribution
Percent of People with Each Score
Percentile by Number Answered
Your Score History
You have not taken this quiz